Boletín Estadístico Universitario /

محفوظ في:
التفاصيل البيبلوغرافية
مؤلف مشترك: Universidad de San Carlos de Guatemala
التنسيق: كتاب
اللغة:Spanish
منشور في: Guatemala: Universidad de San Carlos de Guatemala. Departamento y Estadística
الموضوعات:
الوسوم: إضافة وسم
لا توجد وسوم, كن أول من يضع وسما على هذه التسجيلة!

MARC

LEADER 00000nam a22000007a 4500
003 cru IIS
005 20220404110415.0
008 220404n gt a||p|r|||| 00| 0 spa d
040 |c cru IIS 
090 |a REV0112 
110 2 |9 9389  |a Universidad de San Carlos de Guatemala 
245 1 |a Boletín Estadístico Universitario /  |c Universidad de San Carlos de Guatemala. Departamento y Estadística  
260 |a Guatemala:  |b Universidad de San Carlos de Guatemala. Departamento y Estadística  
270 |a Ciudad Universitaria, zona 12 
500 |a PERIODICIDAD: Anual EXISTENCIAS : 1968 7 (7) 1972-1980 11-19 (11-19) 
500 |a Colección Centroamérica 
650 0 |9 124  |a DATOS ESTADISTICOS 
650 0 |9 310  |a EDUCACION SUPERIOR 
650 0 |9 988  |a MATRICULA 
650 7 |9 9502  |a GRADUADOS 
651 0 |9 142  |a GUATEMALA 
942 |2 ddc  |c PP 
999 |c 44171  |d 44171